George Jennings, hydraulic and sanitary engineer patentee and manufacturer of improved sanitary appliances adapted for buildings of all classes, public and private ... (Record no. 154287)

MARC details
000 -LEADER
campo de control de longitud fija 00796nam a2200169 i 4500
001 - NÚMERO DE CONTROL
campo de control 154287
003 - IDENTIFICADOR DE NÚMERO DE CONTROL
campo de control ES-MaACL
005 - FECHA Y HORA DE LA ÚLTIMA TRANSACCIÓN
campo de control 20230906205611.0
008 - DATOS DE LONGITUD FIJA--INFORMACIÓN GENERAL
campo de control de longitud fija 040730q18821900xxka |||| | eng d
040 ## - FUENTE DE CATALOGACIÓN
Centro catalogador/agencia de origen CAM
Lengua de catalogación spa
Centro/agencia transcriptor CAM
245 00 - MENCIÓN DEL TÍTULO
Título George Jennings, hydraulic and sanitary engineer patentee and manufacturer of improved sanitary appliances adapted for buildings of all classes, public and private ...
Resto del título : show-rooms and works Palace Wharf, Stangate, London, S.E.
260 ## - PUBLICACIÓN, DISTRIBUCIÓN, ETC.
Lugar de publicación, distribución, etc. London :
Nombre del editor, distribuidor, etc. [s.n.,
Fecha de publicación, distribución, etc. s.a.] (
Fabricante Photo-Litho Sprage & cº)
300 ## - DESCRIPCIÓN FÍSICA
Extensión [4], 76, [2] p. :
Otras características físicas il. ;
Dimensiones 19 cm.
596 ## - NOTA AL PIE DE IMPRENTA
NOTA AL PIE DE IMPRENTA Probablemente fechado entre 1882 y 1900.
650 #4 - PUNTO DE ACCESO ADICIONAL DE MATERIA--TÉRMINO DE MATERIA
Término de materia o nombre geográfico como elemento de entrada Fontanería-
Subdivisión de forma Catálogos.
9 (RLIN) 136135
852 ## - LOCALIZACIÓN
Ubicación ES-MaACL
Número de control de estantería T-587-F-6
Nota libre -- Enc. hol. conservando la cub. original
-- -- Enc. en un vol. facticio
Holdings
Estatus retirado Estado de pérdida Estado de daño No para préstamo Colección Biblioteca de origen Biblioteca actual Ubicación en estantería Fecha de adquisición Total de préstamos Signatura topográfica completa Código de barras Visto por última vez Precio de reemplazo Tipo de ítem Koha
        Colección de folletos Biblioteca del Ateneo de Madrid Biblioteca del Ateneo de Madrid Depósito folletos 17/01/2008   T-587-F-6 1161337 23/02/2023 23/02/2023 Folleto